00814nam a2200229 i 4500003000400000005001700004008004100021020003900062040002500101082001200126100002700138245004600165246004500211246005300256264006200309300004800371336002100419337002500440338002300465651004500488880005100533OSt20221211114659.0221124s2020 chi gr 000 0 chi d a9787559359483cRM 66.00qpaperback aPPAKbengcPPAKerda04a9512230 aHuang, Sang, eauthor.10aGU REN BI NI GENG HUI WAN 2 /cHuang Sang33aGǔrén bǐ nǐ gèng huì wán 233aThe ancients knew how to play better than you. 2 1aChina : bHeilongjiang Fine Arts Publishing House; c2020 a265 pages : bcolour illustrations, c23 cm atext2rdacontent aunmediated2rdamedia avolume2rdacarrier10aChinavCaricatures and cartoonsxHistory 6245-1a古人比你更会玩. 2 / 黃桑編繪